<?xml version="1.0" encoding="UTF-8"?>
<record
    xmlns:xsi="http://www.w3.org/2001/XMLSchema-instance"
    xsi:schemaLocation="http://www.loc.gov/MARC21/slim http://www.loc.gov/standards/marcxml/schema/MARC21slim.xsd"
    xmlns="http://www.loc.gov/MARC21/slim">

  <leader>00427nam a22001577a 4500</leader>
  <controlfield tag="005">20260128152947.0</controlfield>
  <controlfield tag="008">260128b        |||||||| |||| 00| 0 eng d</controlfield>
  <datafield tag="020" ind1=" " ind2=" ">
    <subfield code="a">978-93-6993-182-8</subfield>
  </datafield>
  <datafield tag="041" ind1=" " ind2=" ">
    <subfield code="a">Eng.</subfield>
  </datafield>
  <datafield tag="100" ind1=" " ind2=" ">
    <subfield code="a">Gugale, G. S. &amp; Others</subfield>
    <subfield code="9">216524</subfield>
  </datafield>
  <datafield tag="245" ind1=" " ind2=" ">
    <subfield code="a">Organic and Analytical Chemistry Practical   Sem. - IV  ( S. Y. B. Sc. )</subfield>
  </datafield>
  <datafield tag="250" ind1=" " ind2=" ">
    <subfield code="a">1st ed.</subfield>
  </datafield>
  <datafield tag="260" ind1=" " ind2=" ">
    <subfield code="a">Pune</subfield>
    <subfield code="b">Nirali Books</subfield>
  </datafield>
  <datafield tag="300" ind1=" " ind2=" ">
    <subfield code="a">60</subfield>
  </datafield>
  <datafield tag="942" ind1=" " ind2=" ">
    <subfield code="c">BK</subfield>
  </datafield>
  <datafield tag="999" ind1=" " ind2=" ">
    <subfield code="c">370224</subfield>
    <subfield code="d">370224</subfield>
  </datafield>
  <datafield tag="952" ind1=" " ind2=" ">
    <subfield code="0">0</subfield>
    <subfield code="1">0</subfield>
    <subfield code="2">ddc</subfield>
    <subfield code="4">0</subfield>
    <subfield code="7">0</subfield>
    <subfield code="a">SSMM</subfield>
    <subfield code="b">SSMM</subfield>
    <subfield code="d">2026-01-28</subfield>
    <subfield code="e">Nirali</subfield>
    <subfield code="g">90.00</subfield>
    <subfield code="i">P 75000</subfield>
    <subfield code="l">0</subfield>
    <subfield code="p">SSMM-BK-32889</subfield>
    <subfield code="r">2026-01-28 10:00:00</subfield>
    <subfield code="w">2026-01-24</subfield>
    <subfield code="y">BK</subfield>
    <subfield code="z">010032889</subfield>
  </datafield>
  <datafield tag="952" ind1=" " ind2=" ">
    <subfield code="0">0</subfield>
    <subfield code="1">0</subfield>
    <subfield code="2">ddc</subfield>
    <subfield code="4">0</subfield>
    <subfield code="7">0</subfield>
    <subfield code="a">SSMM</subfield>
    <subfield code="b">SSMM</subfield>
    <subfield code="d">2026-01-28</subfield>
    <subfield code="e">Nirali</subfield>
    <subfield code="g">90.00</subfield>
    <subfield code="i">P 75000</subfield>
    <subfield code="l">0</subfield>
    <subfield code="p">SSMM-BK-32890</subfield>
    <subfield code="r">2026-01-28 10:00:00</subfield>
    <subfield code="w">2026-01-24</subfield>
    <subfield code="y">BK</subfield>
    <subfield code="z">010032890</subfield>
  </datafield>
  <datafield tag="952" ind1=" " ind2=" ">
    <subfield code="0">0</subfield>
    <subfield code="1">0</subfield>
    <subfield code="2">ddc</subfield>
    <subfield code="4">0</subfield>
    <subfield code="7">0</subfield>
    <subfield code="a">SSMM</subfield>
    <subfield code="b">SSMM</subfield>
    <subfield code="d">2026-01-28</subfield>
    <subfield code="e">Nirali</subfield>
    <subfield code="g">90.00</subfield>
    <subfield code="i">P 75000</subfield>
    <subfield code="l">0</subfield>
    <subfield code="p">SSMM-BK-32891</subfield>
    <subfield code="r">2026-01-28 10:00:00</subfield>
    <subfield code="w">2026-01-24</subfield>
    <subfield code="y">BK</subfield>
    <subfield code="z">010032891</subfield>
  </datafield>
  <datafield tag="952" ind1=" " ind2=" ">
    <subfield code="0">0</subfield>
    <subfield code="1">0</subfield>
    <subfield code="2">ddc</subfield>
    <subfield code="4">0</subfield>
    <subfield code="7">0</subfield>
    <subfield code="a">SSMM</subfield>
    <subfield code="b">SSMM</subfield>
    <subfield code="d">2026-01-28</subfield>
    <subfield code="e">Nirali</subfield>
    <subfield code="g">90.00</subfield>
    <subfield code="i">P 75000</subfield>
    <subfield code="l">0</subfield>
    <subfield code="p">SSMM-BK-32892</subfield>
    <subfield code="r">2026-01-28 10:00:00</subfield>
    <subfield code="w">2026-01-24</subfield>
    <subfield code="y">BK</subfield>
    <subfield code="z">010032892</subfield>
  </datafield>
  <datafield tag="952" ind1=" " ind2=" ">
    <subfield code="0">0</subfield>
    <subfield code="1">0</subfield>
    <subfield code="2">ddc</subfield>
    <subfield code="4">0</subfield>
    <subfield code="7">0</subfield>
    <subfield code="a">SSMM</subfield>
    <subfield code="b">SSMM</subfield>
    <subfield code="d">2026-01-28</subfield>
    <subfield code="e">Nirali</subfield>
    <subfield code="g">90.00</subfield>
    <subfield code="i">P 75000</subfield>
    <subfield code="l">0</subfield>
    <subfield code="p">SSMM-BK-32893</subfield>
    <subfield code="r">2026-01-28 10:00:53</subfield>
    <subfield code="w">2026-01-24</subfield>
    <subfield code="y">BK</subfield>
    <subfield code="z">010032893</subfield>
  </datafield>
</record>
